Introduction to bacterial physiology / (Record no. 7482)

MARC details
000 -LEADER
fixed length control field 00671cam a22002291 4500
001 - CONTROL NUMBER
control field BD-DhSAU 7482
003 - CONTROL NUMBER IDENTIFIER
control field BD-DhSAU
005 - DATE AND TIME OF LATEST TRANSACTION
control field 20150523190801.0
008 - FIXED-LENGTH DATA ELEMENTS--GENERAL INFORMATION
fixed length control field 750819s1957 nyua b 001 0 eng
040 ## - CATALOGING SOURCE
Original cataloging agency BD-DhSAU
082 ## - DEWEY DECIMAL CLASSIFICATION NUMBER
Classification number 579.3
Edition number 22
Item number CLI
100 1# - MAIN ENTRY--PERSONAL NAME
Personal name Clifton, Charles Egolf
Dates associated with a name 1904-
245 00 - TITLE STATEMENT
Title Introduction to bacterial physiology /
Statement of responsibility, etc. C. E. Clifton
260 ## - PUBLICATION, DISTRIBUTION, ETC. (IMPRINT)
Place of publication, distribution, etc. New York :
Name of publisher, distributor, etc. McGraw-Hill,
Date of publication, distribution, etc. c1957.
300 ## - PHYSICAL DESCRIPTION
Extent xi, 414 p. :
Other physical details ill. ;
Dimensions 24 cm.
504 ## - BIBLIOGRAPHY, ETC. NOTE
Bibliography, etc Includes bibliographical references & index.
590 ## - Name of Cataloguer
Name of Cataloger Jerin<br/>
650 #0 - SUBJECT ADDED ENTRY--TOPICAL TERM
Topical term or geographic name as entry element Bacteria.
650 #0 - SUBJECT ADDED ENTRY--TOPICAL TERM
Topical term or geographic name as entry element Genetics plant Breeding
740 0# - ADDED ENTRY--UNCONTROLLED RELATED/ANALYTICAL TITLE
Uncontrolled related/analytical title Bacterial physiology.
942 ## - ADDED ENTRY ELEMENTS (KOHA)
Source of classification or shelving scheme Dewey Decimal Classification
Koha item type Book
Holdings
Withdrawn status Lost status Source of classification or shelving scheme Damaged status Not for loan Collection code Home library Branch Name Shelving location Date acquired Total Checkouts Full call number Barcode Date last seen Price effective from Koha item type
    Dewey Decimal Classification   Not For Loan Reference SAU Library SAU Library Reference 25/05/1978   579.3 CLI 180 23/05/2015 23/05/2015 Book